Riz̤ā Shāh-i Kabīr. (Record no. 50069)

MARC details
000 -LEADER
fixed length control field 00598cam a22002171 4500
001 - CONTROL NUMBER
control field ne 68000499
003 - CONTROL NUMBER IDENTIFIER
control field DLC
005 - DATE AND TIME OF LATEST TRANSACTION
control field 20260227111838.0
008 - FIXED-LENGTH DATA ELEMENTS--GENERAL INFORMATION
fixed length control field 890402q19501959xx ac 000 0 per
010 ## - LIBRARY OF CONGRESS CONTROL NUMBER
LC control number ne 68000499
035 ## - SYSTEM CONTROL NUMBER
System control number (OCoLC)23555884
040 ## - CATALOGING SOURCE
Original cataloging agency DLC
Transcribing agency MiU
Modifying agency DLC
042 ## - AUTHENTICATION CODE
Authentication code premarc
050 00 - LIBRARY OF CONGRESS CALL NUMBER
Classification number DS317
Item number .M6
100 0# - MAIN ENTRY--PERSONAL NAME
Personal name Mohammad Reza Pahlavi,
Titles and words associated with a name Shah of Iran,
Dates associated with a name 1919-1980.
245 10 - TITLE STATEMENT
Title Riz̤ā Shāh-i Kabīr.
260 ## - PUBLICATION, DISTRIBUTION, ETC.
Date of publication, distribution, etc. [195-?]
300 ## - PHYSICAL DESCRIPTION
Extent 118 p.
Other physical details illus., ports. (part col.)
Dimensions 23 cm.
500 ## - GENERAL NOTE
General note Romanized.
600 00 - SUBJECT ADDED ENTRY--PERSONAL NAME
Personal name Reza Shah Pahlavi,
Titles and other words associated with a name Shah of Iran,
Dates associated with a name 1878-1944.

No items available.

Powered by Koha